| 000 | 00458nam a2200181 a 4500 | ||
|---|---|---|---|
| 001 | 2028 | ||
| 005 | 20140414131913.0 | ||
| 008 | 040109s19uu xx 00 eng d | ||
| 020 | _a0-698-11831-6 | ||
| 050 |
_aER _bC63 1997 |
||
| 100 | _aLoomis, Christine | ||
| 245 |
_aCowboy bunnies / _cChristine Loomis. |
||
| 260 |
_bPenguin Group, _c1997. |
||
| 300 | _av. p. ; cm. | ||
| 650 |
_aBunnies _xFiction. |
||
| 650 | _aChildren stories. | ||
| 999 |
_c111290 _d111290 |
||